| Tag |
First Indicator |
Second Indicator |
Subfields |
| LEADER |
00000cam a2200000 4500 |
| 001 |
in00000074382 |
| 005 |
20151008052602.0 |
| 008 |
730815s1962 mau b 00000 eng u |
| 010 |
|
|
|a 63000103
|
| 035 |
|
|
|a (OCoLC)00678940
|
| 035 |
|
|
|9 AAH4002AM
|
| 040 |
|
|
|c OBE
|d TXA
|d UtOrBLW
|
| 049 |
|
|
|a TXAM
|c 2 [428014]
|
| 050 |
|
0 |
|a JX1974.7
|b .M43
|
| 092 |
|
|
|a 341.67
|b M527d
|
| 100 |
1 |
|
|a Melman, Seymour.
|
| 245 |
1 |
0 |
|a Disarmament :
|b its politics and economics.
|
| 264 |
|
1 |
|a Boston :
|b American Academy of Arts and Sciences,
|c [1962]
|
| 300 |
|
|
|a 398 pages :
|b illustrations ;
|c 23cm.
|
| 336 |
|
|
|a text
|b txt
|2 rdacontent
|
| 337 |
|
|
|a unmediated
|b n
|2 rdamedia
|
| 338 |
|
|
|a volume
|b nc
|2 rdacarrier
|
| 504 |
|
|
|a Includes bibliographical references.
|
| 650 |
|
0 |
|a Nuclear disarmament.
|
| 650 |
|
0 |
|a Disarmament
|x Verification.
|
| 999 |
|
|
|a MARS
|
| 999 |
f |
f |
|s 72a419ec-c382-3529-bab2-7b3561ab7a21
|i f5654b73-cae3-3b4a-9f74-e4646437b0d3
|t 0
|
| 952 |
f |
f |
|p ric
|a Texas A&M University
|b Rellis Campus
|c Joint Library Facility
|d Remote Storage
|t 0
|e JX1974.7 .M43
|h Library of Congress classification
|i unmediated -- volume
|m A14800785380
|
| 998 |
f |
f |
|a JX1974.7 .M43
|t 0
|l Remote Storage
|